[Event "Botvinnik 100th Open"]
[Site "St Petersburg RUS"]
[Date "2011.08.12"]
[Round "1"]
[White "Zvjaginsev, Vadim"]
[Black "Saduakassova, Dinara"]
[Result "1-0"]
[WhiteTitle "GM"]
[BlackTitle "WFM"]
[WhiteElo "2659"]
[BlackElo "2244"]
[WhiteFideId "4113403"]
[BlackFideId "13700090"]
[EventDate "2011.08.12"]

1. e4 c5 2. Nf3 d6 3. d4 cxd4 4. Nxd4 Nf6 5. Nc3 a6 6. f4 e6 7. Qf3 Qb6 8. Nb3
Qc7 9. Bd3 Be7 10. O-O Nc6 11. Bd2 O-O 12. Kh1 Nd7 13. Rae1 Rb8 14. Qh3 Re8 15.
Re3 Nf8 16. Rg3 Bf6 17. Nd1 Ng6 18. c3 Qd8 19. Qh5 e5 20. f5 Nf4 21. Bxf4 exf4
22. Rh3 h6 23. Bc4 Ne5 24. Bd5 Bg5 25. Nf2 Bd7 26. Nd3 Bc6 27. Nxf4 Bxf4 28.
Bxc6 Nxc6 29. Rxf4 Qg5 30. Rg4 Qxh5 31. Rxh5 Ne5 32. Rg3 Kh7 33. f6 g6 34. Rh4
Nd7 35. Nd2 Nxf6 36. Rf4 Re6 37. Rgf3 Kg7 38. Nb3 Nxe4 39. Rxf7+ Kg8 40. Rf1 Ng5
41. Rd7 Ne4 42. Nd4 Nc5 43. Rc7 Ree8 44. h3 Rbc8 45. Rxc8 Rxc8 46. Rf6 Nd3 47.
Rxg6+ Kf7 48. Rxh6 Nxb2 49. Rxd6 1-0

[Event "Botvinnik 100th Open"]
[Site "St Petersburg RUS"]
[Date "2011.08.12"]
[Round "1"]
[White "Semenova, Irina"]
[Black "Khismatullin, Denis"]
[Result "0-1"]
[WhiteTitle "WGM"]
[BlackTitle "GM"]
[WhiteElo "2241"]
[BlackElo "2656"]
[WhiteFideId "4118367"]
[BlackFideId "4142578"]
[EventDate "2011.08.12"]

1. e4 c5 2. Nf3 d6 3. d4 cxd4 4. Nxd4 Nf6 5. Nc3 Nc6 6. Bg5 e6 7. Qd2 a6 8.
O-O-O Bd7 9. f3 Be7 10. Kb1 Qc7 11. g4 h5 12. gxh5 Rxh5 13. h4 b5 14. Bg2 Nxd4
15. Qxd4 e5 16. Qd3 b4 17. Bxf6 bxc3 18. Bxe7 Kxe7 19. Qxc3 Qxc3 20. bxc3 Rah8
21. Bf1 a5 22. Rg1 g6 23. Rg2 Rb8+ 24. Kc1 Be6 25. a4 Rxh4 26. Rgd2 Rf4 27. Rxd6
Rxf3 28. Ra6 g5 29. Rxa5 Kf6 30. Bg2 Rf2 31. Rd2 Rb1+ 32. Kxb1 Rxd2 33. Bf3 g4
34. Bxg4 Bxg4 35. Ra8 Bf3 36. Ra6+ Kg5 37. Kc1 Rh2 38. Ra5 f6 39. Rc5 Bxe4 0-1

[Event "Botvinnik 100th Open"]
[Site "St Petersburg RUS"]
[Date "2011.08.12"]
[Round "1"]
[White "Kuzubov, Yuriy"]
[Black "Martynov, Pavel2"]
[Result "0-1"]
[WhiteTitle "GM"]
[WhiteElo "2630"]
[BlackElo "2237"]
[WhiteFideId "14112906"]
[BlackFideId "4122186"]
[EventDate "2011.08.12"]

1. e4 e6 2. Qe2 c5 3. Nf3 Nc6 4. g3 g6 5. Bg2 Bg7 6. Na3 d6 7. O-O Nge7 8. c3
O-O 9. d4 cxd4 10. cxd4 d5 11. e5 Nf5 12. Rd1 f6 13. Nc2 Bd7 14. g4 Nfe7 15.
exf6 Rxf6 16. Bg5 Rf7 17. Rd3 h6 18. Bd2 Nc8 19. Re1 a5 20. Qd1 Nd6 21. Be3 Qf8
22. Nh4 Ne7 23. f4 Rc8 24. Rc3 Rxc3 25. bxc3 Qc8 26. Bd2 Ba4 27. Qb1 g5 28. fxg5
hxg5 29. Nf3 Ne4 30. Rxe4 dxe4 31. Nxg5 Rf6 32. Nxe4 Rg6 33. Ne3 Bc6 34. h4 e5
35. Qb3+ Kh8 36. d5 Nxd5 37. Nxd5 Qxg4 38. Ng5 a4 39. Qb6 Qxg2+ 0-1

[Event "Botvinnik 100th Open"]
[Site "St Petersburg RUS"]
[Date "2011.08.12"]
[Round "1"]
[White "Zimin, Alexey"]
[Black "Savchenko, Boris"]
[Result "0-1"]
[BlackTitle "GM"]
[WhiteElo "2235"]
[BlackElo "2615"]
[WhiteFideId "4168925"]
[BlackFideId "4147332"]
[EventDate "2011.08.12"]

1. e4 e6 2. f4 d5 3. e5 c5 4. Nf3 Nc6 5. c3 Nge7 6. Na3 d4 7. cxd4 Nxd4 8. Nxd4
Qxd4 9. Nb5 Qxf4 10. Nd6+ Kd7 11. Qe2 Nc6 12. d4 Qxd4 13. Nxf7 Rg8 14. a3 Kc7
15. Be3 Qd5 16. Rd1 Nd4 17. Bxd4 cxd4 18. Rc1+ Kb6 19. Qc2 a6 20. Bc4 Qa5+ 21.
b4 Qxa3 22. O-O Bxb4 23. Rf3 Qa5 24. Rb1 Ka7 25. Rfb3 Bc5 26. Qxh7 Rf8 27. Qxg7
Qc7 28. Bxe6 d3+ 29. Kh1 b5 30. Bd5 Bb7 31. Qf6 Bxd5 32. Ra1 Qb7 0-1

[Event "Botvinnik 100th Open"]
[Site "St Petersburg RUS"]
[Date "2011.08.12"]
[Round "1"]
[White "Aleksandrov, Aleksej"]
[Black "Nikitinyh, Boris"]
[Result "1-0"]
[WhiteTitle "GM"]
[WhiteElo "2609"]
[BlackElo "2234"]
[WhiteFideId "13500139"]
[BlackFideId "4198328"]
[EventDate "2011.08.12"]

1. d4 Nf6 2. c4 d6 3. Nf3 Nbd7 4. Nc3 e5 5. g3 exd4 6. Nxd4 g6 7. Bg2 Bg7 8. O-O
O-O 9. e4 Re8 10. h3 c6 11. Qc2 Nb6 12. Qd3 d5 13. exd5 cxd5 14. cxd5 Nfxd5 15.
Rd1 Nxc3 16. bxc3 Bf5 17. Qf1 Be4 18. Bxe4 Rxe4 19. Nb5 Qf6 20. Be3 Qe7 21. Rab1
Na4 22. Qd3 b6 23. c4 Rf8 24. Rd2 Nc5 25. Bxc5 bxc5 26. Nxa7 Re8 27. Nb5 Qg5 28.
Nd6 Rd4 29. Qf3 Rf8 30. Rxd4 Bxd4 31. Rb7 Qh6 32. Rxf7 Rd8 33. Ra7 1-0

[Event "Botvinnik 100th Open"]
[Site "St Petersburg RUS"]
[Date "2011.08.12"]
[Round "1"]
[White "Gopkin, Nikolaj"]
[Black "Ponkratov, Pavel"]
[Result "0-1"]
[BlackTitle "GM"]
[WhiteElo "2221"]
[BlackElo "2593"]
[WhiteFideId "4134869"]
[BlackFideId "4157800"]
[EventDate "2011.08.12"]

1. d4 Nf6 2. c4 e6 3. a3 c5 4. Nf3 cxd4 5. Nxd4 Qc7 6. e3 a6 7. Nc3 b6 8. Be2
Bb7 9. O-O Be7 10. Bd2 O-O 11. b4 d6 12. Qb3 Nbd7 13. Rfc1 Rac8 14. f3 Qb8 15.
e4 Bd8 16. Be3 Bc7 17. g3 Rfe8 18. Bf2 Qa8 19. Re1 Bb8 20. Rac1 Rc7 21. Nc2 d5
22. exd5 exd5 23. cxd5 b5 24. Nd4 Nxd5 25. Ne4 Rxc1 26. Rxc1 N5f6 27. Nc5 Bd5
28. Qd1 Be5 29. Nd3 h6 30. Nxe5 Nxe5 31. Rc3 Bc4 32. Bxc4 bxc4 33. f4 Nd3 34.
Rxc4 Nb2 35. Qc2 Nxc4 36. Qxc4 Rc8 37. Qf1 Ne4 38. Nf3 Rc3 39. Bd4 Nxg3 40. hxg3
Rxf3 41. Qg2 Qd5 42. Bf2 Qd1+ 43. Kh2 Qe2 44. Kg1 0-1

[Event "Botvinnik 100th Open"]
[Site "St Petersburg RUS"]
[Date "2011.08.12"]
[Round "1"]
[White "Yemelin, Vasily"]
[Black "Lupik, Marina"]
[Result "1-0"]
[WhiteTitle "GM"]
[BlackTitle "WIM"]
[WhiteElo "2592"]
[BlackElo "2212"]
[WhiteFideId "4113217"]
[BlackFideId "4177495"]
[EventDate "2011.08.12"]

1. e4 c5 2. Ne2 d6 3. g3 g6 4. Bg2 Bg7 5. c3 Nf6 6. d4 Nbd7 7. O-O O-O 8. h3 Qc7
9. Be3 h6 10. b3 Rb8 11. Qd2 Kh7 12. c4 a6 13. Nbc3 b5 14. cxb5 axb5 15. Rac1
Ba6 16. b4 Rfc8 17. dxc5 dxc5 18. f4 Rd8 19. Qe1 e5 20. f5 Rbc8 21. fxg6+ fxg6
22. bxc5 Nxc5 23. Nd5 Nxd5 24. Rxc5 Qa7 25. exd5 Rxc5 26. Qf2 Bf8 27. Qf7+ Qxf7
28. Rxf7+ Kg8 29. Rxf8+ Kxf8 30. Bxc5+ Kf7 31. Nc3 Rc8 32. Ne4 Rd8 33. Nd6+ Kf6
34. Ne4+ Kf7 35. Nd6+ Kf6 36. Kf2 Rd7 37. Ke3 h5 38. Ne4+ Kf7 39. Nd6+ Kf6 40.
Bb4 g5 41. Ne4+ Kf5 42. Nc5 Ra7 43. d6 Bc8 44. a3 Kf6 45. Bf1 Bf5 46. Ne4+ Kg6
47. Bxb5 Bxh3 48. Be8+ Kg7 49. Bxh5 Bd7 50. Nc5 Bc6 51. Bf3 Be8 52. Bb7 Kf6 53.
d7 1-0

[Event "Botvinnik 100th Open"]
[Site "St Petersburg RUS"]
[Date "2011.08.12"]
[Round "1"]
[White "Vunder, Yakov"]
[Black "Sedlak, Nikola"]
[Result "0-1"]
[BlackTitle "GM"]
[WhiteElo "2212"]
[BlackElo "2580"]
[WhiteFideId "4161955"]
[BlackFideId "922900"]
[EventDate "2011.08.12"]

1. c4 Nf6 2. Nc3 g6 3. g3 Bg7 4. Bg2 O-O 5. e3 d6 6. Nge2 e5 7. O-O h5 8. h3 Re8
9. d3 Nc6 10. Rb1 a5 11. a3 Be6 12. Nd5 Nh7 13. Kh2 f5 14. Nec3 Nb8 15. Ne2 c6
16. Ndc3 h4 17. e4 hxg3+ 18. fxg3 Nd7 19. exf5 gxf5 20. d4 exd4 21. Nxd4 Bxc4
22. Rxf5 Ne5 23. Be4 d5 24. Bc2 c5 25. Nf3 Nxf3+ 26. Rxf3 d4 27. Bb3 Bxb3 28.
Qxb3+ Kh8 29. Nd1 Re2+ 30. Rf2 Qe7 31. Qd3 Re8 32. b3 Qe4 33. Qxe4 R8xe4 34. Kg2
d3 35. Bb2 Rc2 36. Bxg7+ Kxg7 37. Nb2 Rxf2+ 38. Kxf2 Re2+ 39. Kf1 Rh2 40. Kg1
Rd2 41. Nc4 Rc2 42. Rd1 a4 43. Rxd3 axb3 44. Rxb3 Rxc4 45. Rxb7+ Kg6 46. Rc7 Ng5
47. h4 Ne6 48. Rc6 Kf6 49. Kf2 Rc2+ 50. Ke3 Rc3+ 51. Kf2 Rxa3 52. g4 Ke5 53. h5
Rh3 54. Kg2 Nf4+ 55. Kf2 Kd5 56. Rf6 Ke4 57. Rc6 Rf3+ 58. Ke1 Rg3 59. Kd2 Kd5
60. Rf6 Rxg4 61. Ke3 Ne6 62. Rf5+ Kd6 63. Kd3 Rf4 0-1

[Event "Botvinnik 100th Open"]
[Site "St Petersburg RUS"]
[Date "2011.08.12"]
[Round "1"]
[White "Maletin, Pavel"]
[Black "Sanzhaev, Darsen"]
[Result "1-0"]
[WhiteTitle "GM"]
[WhiteElo "2575"]
[BlackElo "2211"]
[WhiteFideId "4146786"]
[BlackFideId "24120030"]
[EventDate "2011.08.12"]

1. c4 Nf6 2. Nf3 e6 3. g3 d5 4. Bg2 Bd6 5. O-O O-O 6. d4 c6 7. Nc3 Nbd7 8. Nd2
Qe7 9. e4 dxe4 10. Ndxe4 e5 11. Nxd6 Qxd6 12. Be3 Qb4 13. Qb3 Qxb3 14. axb3 Ng4
15. d5 Nxe3 16. fxe3 Nc5 17. dxc6 bxc6 18. b4 Nb3 19. Rad1 Rb8 20. Bxc6 Be6 21.
Nd5 Bxd5 22. Bxd5 Rxb4 23. Bxf7+ Kh8 24. Rd5 g6 25. c5 Na5 26. Rd7 Rb5 27. Rxa7
Nc6 28. Rc7 Rxc5 29. b4 Rc2 30. b5 Nd4 31. Rxc2 Nxc2 32. Bb3 Rxf1+ 33. Kxf1
Nxe3+ 34. Ke2 Nf5 35. b6 Nd6 36. Bd5 Kg7 37. b7 Nxb7 38. Bxb7 Kf6 39. Ke3 h5 40.
Ke4 Kg5 41. Bc8 1-0

[Event "Botvinnik 100th Open"]
[Site "St Petersburg RUS"]
[Date "2011.08.12"]
[Round "1"]
[White "Palachev, Petr"]
[Black "Dvoirys, Semen I."]
[Result "0-1"]
[BlackTitle "GM"]
[WhiteElo "2207"]
[BlackElo "2554"]
[WhiteFideId "24129003"]
[BlackFideId "4100379"]
[EventDate "2011.08.12"]

1. d4 Nf6 2. Nf3 e6 3. c4 b6 4. Nc3 Bb7 5. a3 d5 6. cxd5 exd5 7. Bf4 Be7 8. e3
O-O 9. Be2 Nh5 10. Be5 Nd7 11. Nd2 Nxe5 12. dxe5 d4 13. Nce4 f5 14. Bc4+ Kh8 15.
Qxh5 fxe4 16. Qg4 dxe3 17. fxe3 Bg5 18. Ke2 Qe7 19. h4 Bxe3 20. Nb3 Qxe5 21.
Kxe3 Qxb2 22. Nd2 Rad8 23. Rad1 Qd4+ 0-1

[Event "Botvinnik 100th Open"]
[Site "St Petersburg RUS"]
[Date "2011.08.12"]
[Round "1"]
[White "Kovchan, Alexander"]
[Black "Bulavin, Alexander"]
[Result "1-0"]
[WhiteTitle "GM"]
[WhiteElo "2554"]
[BlackElo "2196"]
[WhiteFideId "14103052"]
[BlackFideId "4178033"]
[EventDate "2011.08.12"]

1. e4 e5 2. Nf3 Nf6 3. Nc3 Nc6 4. d4 exd4 5. Nxd4 Bb4 6. Nxc6 bxc6 7. Bd3 d5 8.
exd5 Qe7+ 9. Qe2 Nxd5 10. Qxe7+ Kxe7 11. Bd2 Nxc3 12. a3 Bd6 13. Bxc3 Be6 14.
O-O-O Rae8 15. Be4 Kd7 16. Bxg7 Rhg8 17. Bc3 f5 18. Bf3 Bd5 19. Bxd5 cxd5 20.
Rxd5 Rxg2 21. Rxf5 Bxh2 22. Bd4 a6 23. Be3 Re7 24. Rh5 Bg1 25. Rxh7 Bxf2 26.
Rxe7+ Kxe7 27. Rh7+ Kd8 28. Bxf2 Rxf2 29. Rh6 a5 30. Rh5 a4 31. Rh4 Rf1+ 32. Kd2
Rf2+ 33. Kc3 Rf3+ 34. Kb4 Rf2 35. Rc4 Kc8 36. Kxa4 Kb7 37. b4 Rf3 38. c3 Rf5 39.
Kb3 c6 40. a4 Kb6 41. Rh4 Rf6 42. Rh7 1-0

[Event "Botvinnik 100th Open"]
[Site "St Petersburg RUS"]
[Date "2011.08.12"]
[Round "1"]
[White "Pogosian, Vladimir"]
[Black "Epishin, Vladimir"]
[Result "0-1"]
[BlackTitle "GM"]
[WhiteElo "2189"]
[BlackElo "2553"]
[WhiteFideId "13301586"]
[BlackFideId "4162714"]
[EventDate "2011.08.12"]

1. e4 c5 2. Ne2 g6 3. Nbc3 d6 4. Nf4 Bg7 5. d3 Nc6 6. Be2 e6 7. h4 h6 8. h5 g5
9. Nh3 f5 10. g4 f4 11. f3 Nf6 12. Kf1 O-O 13. Kg2 d5 14. Qg1 b6 15. Qh2 Nd4 16.
Bd1 Bb7 17. Nf2 Rc8 18. Ne2 Nxf3 19. Kxf3 dxe4+ 20. Nxe4 Nxe4 21. dxe4 Bxe4+ 22.
Kf2 Bxh1 23. Qxh1 f3 24. Nc3 Bd4+ 25. Kg3 f2 26. Be2 f1=Q 27. Bxf1 Qf6 28. Bg2
Qf2+ 0-1

[Event "Botvinnik 100th Open"]
[Site "St Petersburg RUS"]
[Date "2011.08.12"]
[Round "1"]
[White "Lintchevski, Daniil"]
[Black "Kharmunova, Nadejda"]
[Result "1/2-1/2"]
[WhiteTitle "GM"]
[BlackTitle "WFM"]
[WhiteElo "2553"]
[BlackElo "2181"]
[WhiteFideId "4171055"]
[BlackFideId "4195876"]
[EventDate "2011.08.12"]

1. e4 c6 2. d4 d5 3. Nc3 dxe4 4. Nxe4 Nf6 5. Nxf6+ gxf6 6. c3 Bf5 7. Nf3 Nd7 8.
g3 Qc7 9. Bg2 e5 10. O-O O-O-O 11. Nh4 Be6 12. Qh5 Nb6 13. dxe5 fxe5 14. Bg5 Be7
15. Bxe7 Qxe7 16. Qxe5 Nc4 17. Qe2 Rd2 18. Qe4 Rxb2 19. Qd4 Rd8 20. Qxa7 Qa3 21.
Qxa3 Nxa3 22. Be4 Nb5 23. Rac1 Bc4 24. Bf5+ Kb8 25. Rfe1 Rdd2 26. a4 Nd6 27.
Rcd1 Nxf5 28. Rxd2 Rxd2 29. Nxf5 Be6 30. Nd4 Bd5 31. g4 Ra2 32. f3 Rxa4 33. Kf2
Ra3 34. Re3 Kc7 35. Kg3 Kd6 36. h4 Kc5 37. Nc2 Rb3 38. Nb4 Bc4 39. Nd3+ Kd6 40.
Ne5 Bd5 41. g5 b5 42. Ng4 Ra3 43. h5 Be6 44. Rd3+ Ke7 45. Ne5 Bd5 46. h6 f6 47.
gxf6+ Kxf6 48. Nxc6 Bc4 49. Rd6+ Kg5 50. f4+ Kh5 51. Kf3 Rxc3+ 52. Ke4 Ba2 53.
Kf5 Bb1+ 54. Kf6 Kxh6 55. Ne5 Kh5 56. Rd2 Kh4 57. Rb2 Kg3 58. Rxb1 Kxf4 59. Rxb5
h5 60. Rb4+ Kg3 61. Kg5 Re3 62. Ng6 Ra3 63. Nh4 Ra5+ 64. Nf5+ Kf3 65. Rf4+ Ke2
66. Kxh5 Kd3 67. Kg4 Ra8 1/2-1/2

[Event "Botvinnik 100th Open"]
[Site "St Petersburg RUS"]
[Date "2011.08.12"]
[Round "1"]
[White "Pridorozhni, Aleksei"]
[Black "Pen, Pyotr"]
[Result "1-0"]
[WhiteTitle "GM"]
[WhiteElo "2550"]
[BlackElo "2175"]
[WhiteFideId "4127870"]
[BlackFideId "24129950"]
[EventDate "2011.08.12"]

1. c4 Nf6 2. Nc3 g6 3. g3 Bg7 4. Bg2 O-O 5. d3 c6 6. e4 d6 7. Nge2 e5 8. h3 h6
9. O-O Nh7 10. Be3 f5 11. Qd2 g5 12. exf5 Bxf5 13. d4 Nd7 14. d5 c5 15. g4 Bg6
16. Be4 Bxe4 17. Nxe4 Nb6 18. Qd3 Nc8 19. a3 a5 20. b4 axb4 21. axb4 Rxa1 22.
Rxa1 cxb4 23. Rb1 Qd7 24. Kg2 Nf6 25. Rxb4 Ne7 26. Qb1 Rc8 27. Rxb7 Rc7 28. Rb8+
Ne8 29. c5 1-0

[Event "Botvinnik 100th Open"]
[Site "St Petersburg RUS"]
[Date "2011.08.12"]
[Round "1"]
[White "Pimenov, Revolt"]
[Black "Smikovski, Ivan"]
[Result "0-1"]
[BlackTitle "IM"]
[WhiteElo "2173"]
[BlackElo "2541"]
[WhiteFideId "4146590"]
[BlackFideId "4124650"]
[EventDate "2011.08.12"]

1. d4 Nf6 2. c4 g6 3. f3 d5 4. cxd5 Nxd5 5. e4 Nb6 6. a4 a5 7. Nc3 Bg7 8. Be3
O-O 9. h4 Nc6 10. Nb5 Nb4 11. h5 c6 12. Na3 c5 13. hxg6 hxg6 14. d5 Bxb2 15.
Bxc5 Bxa1 16. Qxa1 f6 17. Qc1 g5 18. f4 Nxa4 19. Qd1 Qe8 20. Bb5 Nc3 21. Bxe8
Nxd1 22. Bg6 Nd3+ 23. Kxd1 Nxc5 24. Rh7 Bg4+ 25. Nf3 Nxe4 26. Bxe4 f5 27. Rxe7
fxe4 28. Rxe4 Rxf4 29. Re5 Rf5 30. Kc2 Bxf3 0-1

[Event "Botvinnik 100th Open"]
[Site "St Petersburg RUS"]
[Date "2011.08.12"]
[Round "1"]
[White "Bivol, Alina"]
[Black "Geller, Jakov"]
[Result "0-1"]
[WhiteTitle "WFM"]
[BlackTitle "IM"]
[WhiteElo "2171"]
[BlackElo "2535"]
[WhiteFideId "4100123"]
[BlackFideId "4151984"]
[EventDate "2011.08.12"]

1. e4 c5 2. c3 d5 3. exd5 Qxd5 4. d4 Nf6 5. Nf3 Bg4 6. dxc5 Qxc5 7. Be3 Qc7 8.
Na3 a6 9. Qa4+ Bd7 10. Qf4 Qxf4 11. Bxf4 Nc6 12. Nc4 Nd5 13. Bg3 f6 14. O-O-O e6
15. Bd6 b5 16. Bxf8 Rxf8 17. Nd6+ Ke7 18. Nf5+ exf5 19. Rxd5 Be6 20. Rc5 Rfc8
21. Bd3 Ne5 22. Rxc8 Nxd3+ 23. Kd2 Rxc8 24. Kxd3 Bxa2 25. Nd4 Bc4+ 26. Ke3 g6
27. Ra1 Ra8 28. b4 Kd6 29. f4 Bd5 30. Rd1 Rc8 31. Rd3 Ke7 32. Nxb5 Bxg2 33. Nd6
Rc6 34. Rd2 Bf1 35. Rd1 Rxc3+ 36. Kf2 Bd3 37. Nb7 Rc2+ 38. Kg3 Be4 39. Nc5 Bc6
40. Nxa6 Rg2+ 41. Kh3 Rg4 42. Rd2 Bb5 43. Rf2 Bxa6 44. b5 Bb7 45. b6 Rg1 46. Rc2
Kd6 47. Rc7 Bf3 48. Rxh7 Rg4 0-1

[Event "Botvinnik 100th Open"]
[Site "St Petersburg RUS"]
[Date "2011.08.12"]
[Round "1"]
[White "Yevseev, Denis"]
[Black "Balaian, Alina"]
[Result "1-0"]
[WhiteTitle "GM"]
[WhiteElo "2527"]
[BlackElo "2163"]
[WhiteFideId "4126378"]
[BlackFideId "24115347"]
[EventDate "2011.08.12"]

1. c4 Nf6 2. g3 g6 3. Bg2 Bg7 4. Nf3 O-O 5. O-O d6 6. d4 Nc6 7. Nc3 a6 8. b3 Rb8
9. Nd5 Nh5 10. Bb2 e6 11. Nc3 b5 12. d5 Ne7 13. dxe6 Bxe6 14. cxb5 axb5 15. Qd2
b4 16. Ne4 Bxb2 17. Qxb2 Bd5 18. Ned2 f5 19. Rfd1 Ng7 20. Rac1 Ne6 21. Nc4 Ba8
22. Nd4 Nxd4 23. Qxd4 Bxg2 24. Kxg2 Ra8 25. Rd2 Ra6 26. Ne3 Qa8+ 27. Kg1 Qb7 28.
Qc4+ d5 29. Qxc7 Rb8 30. Qe5 1-0

[Event "Botvinnik 100th Open"]
[Site "St Petersburg RUS"]
[Date "2011.08.12"]
[Round "1"]
[White "Burkov, German A."]
[Black "Fedoseev, Vladimir3"]
[Result "0-1"]
[BlackTitle "GM"]
[WhiteElo "2162"]
[BlackElo "2520"]
[WhiteFideId "24132560"]
[BlackFideId "24130737"]
[EventDate "2011.08.12"]

1. Nf3 c5 2. c4 Nc6 3. Nc3 g6 4. g3 Bg7 5. Bg2 Nh6 6. d3 Nf5 7. e4 Nfd4 8. Nxd4
Nxd4 9. O-O d6 10. Be3 h5 11. h3 Bd7 12. Kh2 Rb8 13. f4 b5 14. Bxd4 cxd4 15. Ne2
bxc4 16. dxc4 Rxb2 17. f5 h4 18. g4 Qa5 19. fxg6 fxg6 20. Kh1 Ba4 21. Qe1 Qxe1
22. Raxe1 d3 23. Nf4 d2 24. Ra1 Rf8 25. Ne6 Rxf1+ 26. Rxf1 d1=Q 27. Rxd1 Bxd1
28. Nxg7+ Kf7 0-1

[Event "Botvinnik 100th Open"]
[Site "St Petersburg RUS"]
[Date "2011.08.12"]
[Round "1"]
[White "Kabanov, Nikolai"]
[Black "Kaganov, Dmitry"]
[Result "1-0"]
[WhiteTitle "GM"]
[WhiteElo "2520"]
[BlackElo "2160"]
[WhiteFideId "4127820"]
[BlackFideId "4112482"]
[EventDate "2011.08.12"]

1. e4 e6 2. Nf3 d5 3. e5 c5 4. b4 cxb4 5. a3 bxa3 6. d4 Nh6 7. h4 Nc6 8. c3 Bd7
9. Bd3 Rc8 10. Ng5 Qa5 11. Bxa3 Nxe5 12. dxe5 Rxc3 13. O-O Bxa3 14. Qd2 1-0

[Event "Botvinnik 100th Open"]
[Site "St Petersburg RUS"]
[Date "2011.08.12"]
[Round "1"]
[White "Neverov, Valeriy"]
[Black "Kostyuchenko, Vladimir"]
[Result "1-0"]
[WhiteTitle "GM"]
[WhiteElo "2500"]
[BlackElo "2144"]
[WhiteFideId "14100150"]
[BlackFideId "4126084"]
[EventDate "2011.08.12"]

1. Nf3 c5 2. g3 Nc6 3. Bg2 Nf6 4. O-O e5 5. d3 Be7 6. e4 O-O 7. c4 d6 8. Nc3 Bg4
9. h3 Bd7 10. Ne1 Nd4 11. f4 b5 12. cxb5 Nxb5 13. Nf3 Nd4 14. g4 exf4 15. Bxf4
Rb8 16. b3 Nxf3+ 17. Qxf3 Be6 18. g5 Nd7 19. Qg3 Ne5 20. b4 f6 21. Nd5 Bxd5 22.
exd5 Rc8 1-0

[Event "Botvinnik 100th Open"]
[Site "St Petersburg RUS"]
[Date "2011.08.12"]
[Round "1"]
[White "Palchun, Grigory"]
[Black "Onischuk, Vladimir"]
[Result "1/2-1/2"]
[BlackTitle "IM"]
[WhiteElo "2144"]
[BlackElo "2490"]
[WhiteFideId "24147338"]
[BlackFideId "14114038"]
[EventDate "2011.08.12"]

1. e4 c5 2. Nc3 d6 3. g3 Nc6 4. Bg2 g6 5. d3 Bg7 6. f4 Rb8 7. Nf3 b5 8. a3 a5 9.
O-O b4 10. axb4 axb4 11. Ne2 Qb6 12. Kh1 f5 13. exf5 gxf5 14. Rb1 Nf6 15. Be3 e6
16. Bg1 Qc7 17. c4 bxc3 18. bxc3 Rxb1 19. Qxb1 O-O 20. Qa2 h6 21. d4 Ne4 22. Nd2
cxd4 23. Nxe4 fxe4 24. cxd4 d5 25. f5 Nb4 26. Qb3 Nd3 27. Nf4 Nxf4 28. Rxf4 Qd6
29. fxe6 Rxf4 30. gxf4 Bxe6 31. Qg3 Bf5 32. Be3 Qe6 33. h3 Kh7 34. Kh2 Bf6 35.
Bf1 Qb6 36. Qf2 h5 37. Be2 Kh6 38. Bd1 Qb5 39. Qe2 Qe8 40. Qa6 Qg6 41. Qa8 Kh7
42. Qb7+ Kh6 43. Qa8 Kh7 44. Qb7+ Kh6 45. Qa8 1/2-1/2

[Event "Botvinnik 100th Open"]
[Site "St Petersburg RUS"]
[Date "2011.08.12"]
[Round "1"]
[White "Kornyukov, Alexey"]
[Black "Menkov, Aleksandr"]
[Result "1-0"]
[WhiteTitle "IM"]
[WhiteElo "2485"]
[BlackElo "2143"]
[WhiteFideId "4150457"]
[BlackFideId "24160326"]
[EventDate "2011.08.12"]

1. d4 g6 2. c4 Nf6 3. f3 Bg7 4. e4 O-O 5. Nc3 d6 6. Bg5 c5 7. d5 e6 8. Qd2 exd5
9. cxd5 h6 10. Be3 h5 11. a4 Nh7 12. Nge2 f5 13. exf5 Bxf5 14. Ng3 Qe7 15. Bd3
Bxd3 16. Qxd3 Nd7 17. O-O Ne5 18. Qe4 Rae8 19. Rae1 h4 20. Nh1 Qd8 21. Qc2 h3
22. Ng3 hxg2 23. Kxg2 Qh4 24. Nce4 Rd8 25. f4 Ng4 26. Bg1 Bd4 27. h3 Bxg1 28.
Rxg1 Nh6 29. Ng5 Nf5 30. Nxf5 Rxf5 31. Ne6 Rd7 32. Kh2 Ng5 33. Rxg5 Rxg5 34.
fxg5 Kh8 35. Rf1 1-0

[Event "Botvinnik 100th Open"]
[Site "St Petersburg RUS"]
[Date "2011.08.12"]
[Round "1"]
[White "Tantsiura, Marja"]
[Black "Levin, Evgeny A."]
[Result "0-1"]
[BlackTitle "GM"]
[WhiteElo "2138"]
[BlackElo "2465"]
[WhiteFideId "14124327"]
[BlackFideId "4182596"]
[EventDate "2011.08.12"]

1. e4 c5 2. Nf3 d6 3. d4 cxd4 4. Nxd4 Nf6 5. Nc3 a6 6. Bg5 e6 7. f4 Qc7 8. Qf3
b5 9. Bxf6 gxf6 10. e5 d5 11. exf6 Nd7 12. O-O-O Nxf6 13. Re1 Bb7 14. Kb1 b4 15.
Nd1 Ne4 16. Qh5 O-O-O 17. f5 e5 18. Nb3 a5 19. Bb5 Qb6 20. Ba4 f6 21. Qf7 Ng5
22. Qh5 d4 23. Rhg1 Ne4 24. Qh4 Nc5 25. Nxc5 Bxc5 26. g3 d3 27. Rgf1 d2 28. Re2
Ba6 29. Qe4 Kc7 30. g4 Qb7 31. Rf3 Qxe4 0-1

[Event "Botvinnik 100th Open"]
[Site "St Petersburg RUS"]
[Date "2011.08.12"]
[Round "1"]
[White "Rozum, Ivan"]
[Black "Stetsko, Lanita"]
[Result "1-0"]
[WhiteTitle "IM"]
[BlackTitle "FM"]
[WhiteElo "2464"]
[BlackElo "2135"]
[WhiteFideId "24104272"]
[BlackFideId "13505300"]
[EventDate "2011.08.12"]

1. d4 Nf6 2. c4 e6 3. Nc3 Bb4 4. Qc2 O-O 5. a3 Bxc3+ 6. Qxc3 b6 7. Nf3 Bb7 8. e3
Ne4 9. Qc2 d6 10. Be2 Nd7 11. b3 f5 12. Bb2 Ndf6 13. O-O Qe8 14. Ne1 Qg6 15. f3
Ng5 16. Nd3 f4 17. Ne1 Qxc2 18. Nxc2 fxe3 19. f4 Nge4 20. Bf3 d5 21. Bc1 Rae8
22. Nxe3 a5 23. a4 Ba6 24. Rd1 Rd8 25. Ba3 Rf7 26. Rac1 Rfd7 27. f5 exf5 28.
Nxf5 dxc4 29. Ne7+ Kh8 30. Nc6 Re8 31. Ne5 1-0